000 00709cab a2200253 4500
001 ABS53177
008 090401t1995 xxu||||| |||| 00| 0 eng d
035 _a(Sirsi) u2535
041 _aeng
245 _aTender cost forecast
260 _c1995
350 _a0
490 _aBuilding
_v260(7901) 21 July 1995, 44-45(2)
520 _aDavis Langdon & Everest`s tender price prediction over the next year.
650 _aBUILT ENVIRONMENT-BUILDING COSTS
650 _aDAVIS LANGDON AND EVEREST
650 _aFORECASTS
650 _aMECHANICAL COST INDEX
650 _aREGIONAL TRENDS
650 _aTENDER PRICES
690 _aBUILT ENVIRONMENT-BUILDING COSTS
942 _n0
948 _c04/03/1997
999 _c1526
_d1526